[Event "25th European Club Cup Women 2021"]
[Site "Struga"]
[Date "2021.09.23"]
[Round "6.12"]
[White "Trajkovska, Sanja"]
[Black "Skripchenko, Almira"]
[Result "0-1"]
[WhiteElo "1968"]
[BlackElo "2396"]
[Annotator "NA"]
[PlyCount "78"]
[EventDate "2021.09.18"]
[EventType "team-tourn"]
[EventCountry "MKD"]
[SourceTitle "playchess.com"]
[Source "ChessBase"]
[SourceQuality "1"]
[TimeControl "40/5400+30:1800+30"]

1. e4 {[%emt 0:00:03]} g6 {[%emt 0:00:14]} 2. d4 {[%emt 0:01:42]} Bg7 {[%emt 0:
00:00]} 3. Be3 {[%emt 0:00:10]} d6 {[%emt 0:02:20]} 4. Nc3 {[%emt 0:01:09]} a6
{[%emt 0:00:14]} 5. Nf3 {[%emt 0:00:35]} Nd7 {[%emt 0:02:38]} 6. Qd2 {[%emt 0:
02:08]} e6 {[%emt 0:00:30]} 7. h4 {[%emt 0:00:30]} h6 {[%emt 0:00:30]} 8. g4 {
[%emt 0:00:30]} b5 {[%emt 0:00:30]} 9. O-O-O {[%emt 0:00:30]} b4 {[%emt 0:00:
30]} 10. Na4 {[%emt 0:00:30]} Ngf6 {[%emt 0:00:30]} 11. e5 {[%emt 0:00:30]}
Nxg4 {[%emt 0:00:30]} 12. exd6 {[%emt 0:00:30]} cxd6 {[%emt 0:00:30]} 13. Qxb4
{[%emt 0:00:30]} d5 {[%emt 0:00:30]} 14. Bd3 {[%emt 0:00:30]} Qc7 {[%emt 0:00:
30]} 15. Rhg1 {[%emt 0:00:30]} Rb8 {[%emt 0:00:30]} 16. Qd2 {[%emt 0:00:30]}
Nxe3 {[%emt 0:00:30]} 17. fxe3 {[%emt 0:00:30]} e5 {[%emt 0:00:30]} 18. dxe5 {
[%emt 0:00:30]} Nxe5 {[%emt 0:00:30]} 19. Nxe5 {[%emt 0:00:30]} Qxe5 {[%emt 0:
00:30]} 20. c3 {[%emt 0:00:30]} O-O {[%emt 0:00:30]} 21. Nc5 {[%emt 0:00:30]}
a5 {[%emt 0:00:30]} 22. Qf2 {[%emt 0:00:30]} Rb6 {[%emt 0:00:30]} 23. Qf4 {
[%emt 0:00:30]} Qe7 {[%emt 0:00:30]} 24. Nb3 {[%emt 0:00:30]} Rf6 {[%emt 0:00:
30]} 25. Qg3 {[%emt 0:00:30]} h5 {[%emt 0:00:30]} 26. Rde1 {[%emt 0:00:30]} Bg4
{[%emt 0:00:30]} 27. Nd4 {[%emt 0:00:30]} Rb6 {[%emt 0:00:30]} 28. Qf2 {
[%emt 0:00:30]} Rfb8 {[%emt 0:00:30]} 29. b3 {[%emt 0:00:30]} Qc5 {[%emt 0:00:
30]} 30. Kb2 {[%emt 0:00:30]} a4 {[%emt 0:00:30]} 31. Qc2 {[%emt 0:00:30]} Qe7
{[%emt 0:00:30]} 32. b4 {[%emt 0:00:30]} a3+ {[%emt 0:00:30]} 33. Ka1 {[%emt 0:
00:30]} Qxh4 {[%emt 1:21:31]} 34. Qb3 {[%emt 1:27:24]} Qf2 {[%emt 0:07:03]} 35.
Qxa3 {[%emt 0:00:33]} Qd2 {[%emt 0:00:00]} 36. Bb1 {[%emt 0:00:31]} Rc8 {
[%emt 0:00:00]} 37. Qb2 {[%emt 0:00:43]} Qxc3 {[%emt 0:00:00]} 38. Qxc3 {
[%emt 0:00:03]} Rxc3 {[%emt 0:00:00]} 39. Kb2 {[%emt 0:00:26]} Rxe3 {[%emt 0:
00:00]} 0-1

[Event "25th European Club Cup Women 2021"]
[Site "Struga"]
[Date "2021.09.23"]
[Round "6.13"]
[White "Unuk, Laura"]
[Black "Salimova, Nurgyul"]
[Result "0-1"]
[WhiteElo "2389"]
[BlackElo "2362"]
[Annotator "TA"]
[PlyCount "25"]
[EventDate "2021.09.18"]
[EventType "team-tourn"]
[EventCountry "MKD"]
[SourceTitle "playchess.com"]
[Source "ChessBase"]
[SourceQuality "1"]

{[%evp 9,11,-14,-13,-23]} 1. c4 e6 2. Nc3 d5 3. d4 Be7 4. e4 dxe4 5. Nxe4 Nf6
6. Nc3 {[%mdl 32768] [#] An uneventful encounter. Loss on time!? D31: Queen's
Gambit Declined: Semi-Slav without ...Nf6 (+ Marshall Gambit and Noteboom) and
Exchange Variation lines without ...Nf6.} {Predecessor:} O-O $146 7. Be3 Re8 8.
Be2 Nbd7 9. Nf3 c5 10. O-O cxd4 11. Nxd4 a6 12. Rc1 Bf8 13. Qc2 {0-1 (26)
Emojong,E (2283)-Ssegwanyi,A (2395) Kampala 2021} 0-1

[Event "25th European Club Cup Women 2021"]
[Site "Struga"]
[Date "2021.09.23"]
[Round "6.14"]
[White "Radeva, Viktoria"]
[Black "Urh, Zala"]
[Result "1/2-1/2"]
[WhiteElo "2350"]
[BlackElo "2234"]
[Annotator "NA"]
[PlyCount "79"]
[EventDate "2021.09.18"]
[EventType "team-tourn"]
[EventCountry "MKD"]
[SourceTitle "playchess.com"]
[Source "ChessBase"]
[SourceQuality "1"]
[TimeControl "40/5400+30:1800+30"]

1. e4 {[%emt 0:00:02]} e5 {[%emt 0:00:40]} 2. Nf3 {[%emt 0:00:03]} Nc6 {
[%emt 0:00:08]} 3. Bc4 {[%emt 0:00:04]} Nf6 {[%emt 0:00:12]} 4. d3 {[%emt 0:00:
11]} h6 {[%emt 0:00:11]} 5. O-O {[%emt 0:00:34]} d6 {[%emt 0:00:10]} 6. a4 {
[%emt 0:01:00]} g5 {[%emt 0:01:55]} 7. c3 {[%emt 0:05:23]} Bg7 {[%emt 0:00:49]}
8. Nbd2 {[%emt 0:09:33]} O-O {[%emt 0:01:49]} 9. h3 {[%emt 0:02:24]} Ne7 {
[%emt 0:16:14]} 10. Re1 {[%emt 1:16:16]} Ng6 {[%emt 0:00:51]} 11. Nf1 {[%emt 0:
00:00]} d5 {[%emt 0:03:07]} 12. exd5 {[%emt 0:00:00]} Nxd5 {[%emt 1:10:24]} 13.
d4 {[%emt 0:01:30]} exd4 {[%emt 0:00:00]} 14. Nxd4 {[%emt 0:00:00]} c5 {
[%emt 0:01:00]} 15. Nf5 Bxf5 16. Bxd5 Qd7 17. Qb3 Rad8 18. Ne3 b6 19. a5 b5 20.
Nxf5 Qxd5 21. Qxd5 Rxd5 22. Nxg7 Kxg7 23. a6 Ne5 24. b3 Rfd8 25. Be3 f5 26. b4
cxb4 27. Bxa7 bxc3 28. Bb6 Nd3 29. Re7+ Kf6 30. Bxd8 Rxd8 31. Rc7 b4 32. a7 Ra8
33. Kf1 Nf4 34. Rc6+ Ke5 35. Rb6 c2 {[%emt 0:00:00]} 36. Rxb4 {[%emt 0:00:00]}
Nd3 {[%emt 0:00:00]} 37. Rc4 {[%emt 0:00:00]} c1=Q+ {[%emt 0:00:00]} 38. Raxc1
{[%emt 0:00:00]} Nxc1 {[%emt 0:00:00]} 39. Rxc1 {[%emt 0:00:00]} Rxa7 {[%emt 0:
00:00]} 40. Re1+ {[%emt 0:00:00]} 1/2-1/2

[Event "25th European Club Cup Women 2021"]
[Site "Struga"]
[Date "2021.09.23"]
[Round "6.15"]
[White "Vidic, Teja"]
[Black "Mehmed, Elif"]
[Result "0-1"]
[WhiteElo "2172"]
[BlackElo "2260"]
[Annotator "NA"]
[PlyCount "76"]
[EventDate "2021.09.18"]
[EventType "team-tourn"]
[EventCountry "MKD"]
[SourceTitle "playchess.com"]
[Source "ChessBase"]
[SourceQuality "1"]
[TimeControl "40/5400+30:1800+30"]

1. e4 {[%emt 0:00:04]} c5 {[%emt 0:00:05]} 2. Nf3 {[%emt 0:00:13]} d6 {[%emt 0:
00:05]} 3. c3 {[%emt 0:00:28]} Nf6 {[%emt 0:00:05]} 4. Be2 {[%emt 0:00:13]} Bd7
{[%emt 0:00:07]} 5. Qc2 {[%emt 0:00:06]} Nc6 {[%emt 0:01:43]} 6. d4 {[%emt 0:
02:44]} cxd4 {[%emt 0:05:48]} 7. cxd4 {[%emt 0:00:30]} Qb6 {[%emt 0:00:30]} 8.
Nc3 {[%emt 0:00:30]} Rc8 {[%emt 0:00:30]} 9. d5 {[%emt 0:00:30]} Na5 {[%emt 0:
00:30]} 10. Be3 {[%emt 0:00:30]} Qc7 {[%emt 0:00:30]} 11. O-O {[%emt 0:00:30]}
g6 {[%emt 0:00:30]} 12. Bd4 {[%emt 0:00:30]} Bg7 {[%emt 0:00:30]} 13. Rac1 {
[%emt 0:00:30]} Qb8 {[%emt 0:00:30]} 14. e5 {[%emt 0:00:30]} Nh5 {[%emt 0:00:
30]} 15. e6 {[%emt 0:00:30]} fxe6 {[%emt 0:00:30]} 16. dxe6 {[%emt 0:00:30]}
Bxe6 {[%emt 0:00:30]} 17. Bb5+ {[%emt 0:00:30]} Nc6 {[%emt 0:27:38]} 18. Rfe1 {
[%emt 1:06:16]} Bf5 {[%emt 0:58:59]} 19. Qb3 {[%emt 0:01:51]} a6 {[%emt 0:00:
00]} 20. Ng5 {[%emt 0:06:35]} Rf8 {[%emt 0:00:00]} 21. Bxg7 {[%emt 0:04:21]}
Nxg7 {[%emt 0:00:00]} 22. Bxc6+ {[%emt 0:02:28]} bxc6 {[%emt 0:00:00]} 23. Qc4
{[%emt 0:00:51]} h6 {[%emt 0:00:00]} 24. Qe2 {[%emt 0:02:43]} Qa7 {[%emt 0:00:
00]} 25. Nce4 {[%emt 0:04:08]} Bxe4 {[%emt 0:00:00]} 26. Nxe4 {[%emt 0:00:27]}
Kf7 {[%emt 0:00:00]} 27. Qg4 {[%emt 0:00:38]} Nf5 {[%emt 0:00:00]} 28. h4 {
[%emt 0:00:46]} Kg7 {[%emt 0:00:00]} 29. h5 {[%emt 0:00:25]} g5 {[%emt 0:00:00]
} 30. Rc3 {[%emt 0:01:01]} Qd4 {[%emt 0:00:00]} 31. Qe2 {[%emt 0:00:50]} Qe5 {
[%emt 0:00:00]} 32. Qd2 {[%emt 0:03:52]} Qf4 {[%emt 0:01:13]} 33. Qd1 {[%emt 0:
00:00]} Nh4 {[%emt 0:01:38]} 34. Qd4+ {[%emt 0:00:15]} Kg8 {[%emt 0:00:00]} 35.
Qd3 {[%emt 0:00:30]} d5 {[%emt 0:00:00]} 36. g3 {[%emt 0:00:25]} Nf3+ {[%emt 0:
02:33]} 37. Kh1 {[%emt 0:00:03]} Nxe1 {[%emt 0:00:23]} 38. Nf6+ {[%emt 0:00:52]
} Qxf6 {[%emt 0:00:11]} 0-1

[Event "25th European Club Cup Women 2021"]
[Site "Struga"]
[Date "2021.09.23"]
[Round "6.16"]
[White "Krasteva, Beloslava"]
[Black "Janzelj, Lara"]
[Result "1-0"]
[WhiteElo "2217"]
[BlackElo "2186"]
[Annotator "TA"]
[PlyCount "175"]
[EventDate "2021.09.18"]
[EventType "team-tourn"]
[EventCountry "MKD"]
[SourceTitle "playchess.com"]
[Source "ChessBase"]
[SourceQuality "1"]

{[%evp 9,175,10,11,8,10,16,10,0,45,43,43,39,52,25,25,28,39,38,85,83,84,65,100,
63,142,147,159,155,175,160,131,119,216,174,160,162,211,208,205,204,208,207,343,
327,1002,993,960,972,931,805,1191,830,1083,708,697,699,1018,143,73,0,0,-69,0,0,
0,-88,512,477,614,9,9,10,22,0,22,22,61,-8,45,39,85,27,93,99,105,91,115,93,108,
101,108,98,106,106,152,151,167,160,171,168,179,181,179,179,162,152,162,158,157,
139,131,160,160,176,169,168,179,160,184,152,121,0,184,181,288,287,345,345,363,
372,372,371,367,354,334,349,335,333,328,320,754,776,718,645,539,532,589,502,
855,855,855,847,847,847,840,840,840,840,840,833,818,800,792,703,681,675,634,
526]} 1. c4 d6 2. Nc3 Nf6 3. g3 e5 4. Bg2 Be7 5. d3 O-O 6. e4 {A22: English
Opening: 1...e5 2 Nc3 Nf6.} c6 7. Nge2 Be6 8. f4 {The position is equal.} exf4
9. Nxf4 Bg4 {[#]} 10. Qb3 $146 ({Predecessor:} 10. Qc2 Nh5 11. O-O Qd7 12. Nxh5
Bxh5 13. h3 Na6 14. Be3 Bg6 15. Qd2 f5 16. Kh2 {1/2-1/2 (37) Wawra,J (2084)
-Gnegel,B (1927) Bayern 2015}) 10... Nbd7 11. h3 Nc5 12. Qc2 Bd7 13. Be3 a5 14.
O-O-O Qc7 15. Rhe1 Na6 16. d4 Rfe8 (16... Rae8 $1 $14) 17. g4 $16 h6 18. Qf2
Rab8 19. e5 Nh7 20. Kb1 Bf8 (20... Qd8 $16) 21. Ne4 dxe5 22. dxe5 b5 23. cxb5
Rxb5 24. Nd6 Bxd6 25. exd6 (25. Rxd6 Rbxe5 26. Red1 Rxe3 $11) 25... Qb7 (25...
Qb8 {might work better.} 26. Bf1 Nb4 27. Bxb5 Qxb5) 26. Bd4 $18 Ng5 $2 (26...
Rxe1 27. Qxe1 a4) 27. Rxe8+ Bxe8 28. Re1 Qc8 29. Bf1 Rb8 30. Bc4 Nb4 31. h4
Qxg4 32. hxg5 c5 {[#]} 33. d7 $2 Bxd7 $16 {[#]} 34. Be5 ({And not} 34. Bxc5
Qf5+ 35. Kc1 Rc8 $17) (34. g6 $1 $16 {[%cal Rg6f7]} cxd4 35. gxf7+ Kh7 36. Qxd4
Bf5+ 37. Kc1) 34... Re8 $11 35. Qe2 (35. Kc1 $1 $11 hxg5 36. a3) 35... Qf5+ ({
Black should play} 35... Qxe2 $1 $15 36. Rxe2 hxg5) 36. Nd3 Be6 37. Bb5 (37.
Bc3 $1 $11 Rd8 38. Bxe6 fxe6 39. Bxb4 (39. Qxe6+ Qxe6 40. Rxe6 Rxd3 $11) 39...
Rxd3 40. Qxe6+ Qxe6 41. Rxe6) 37... Bxa2+ $2 {[%mdl 8192]} (37... Rd8 $17 38.
Rf1 Qg6) 38. Ka1 $18 Ra8 39. Qe4 $2 (39. gxh6 $18 {Threatening mate with Qg2.}
Bd5 40. hxg7) 39... Qxe4 $11 40. Rxe4 {Threatens to win with gxh6.} hxg5 41.
Nxc5 Rd8 {[%cal Rd8d1]} (41... Bd5 $5 {[%cal Ra8c8]} 42. Rg4 Rc8 $11) 42. Bd7 {
Black must now prevent Rxb4!} Bd5 43. Re2 {[#]} ({Better is} 43. Bc7 $14 Ra8
44. Re5) 43... Bf3 (43... Na6 $1 $11 44. Nxa6 Rxd7) 44. Rd2 g4 45. Kb1 (45. Bc7
$16 Ra8 46. Kb1) 45... Ra8 (45... Nd5 $11 {keeps the balance.}) 46. Rd4 $16 f6
47. Bg3 Kf7 48. Be6+ Kg6 49. Bxg4 Bxg4 50. Rxg4+ Kf7 51. Be1 Nc6 52. Bc3 Rd8
53. Nb7 Rd5 54. Rc4 Ne7 55. Nxa5 g5 56. Rc7 Ke6 57. Nc6 Nf5 58. Nb4 Rd1+ 59.
Ka2 g4 {next ...g3 is good for Black.} 60. Rc4 {aiming for Re4+.} g3 {Strongly
threatening ...g2.} 61. Rg4 Kf7 62. Nc2 Rd3 63. Ne1 Re3 64. Bd2 Re2 65. Bc3 (
65. Bb4 $16) 65... Re3 $1 $18 {Black is on the road to losing.} 66. Kb1 Nd6 (
66... Re7 $142 67. Kc1 Re6) 67. Ng2 Re2 68. Rxg3 Ne4 69. Rg4 f5 70. Rg7+ Kf8
71. Rg6 Kf7 {intending ...Rxb2+.} 72. Nh4 Rh2 73. Rg7+ Ke6 74. Nf3 Nxc3+ $2 (
74... Rf2 75. Nd4+ Ke5 76. Re7+ Kd5 77. Rd7+ Ke5) 75. bxc3 {[%mdl 4096]
Endgame KRN-KR. White is clearly winning.} Rf2 76. Nd4+ Kd5 77. Nc2 f4 78. Rd7+
Kc4 (78... Ke6 $142) 79. Kb2 f3 80. Rd4+ Kc5 81. Kc1 Rh2 82. Rf4 f2 83. Ne3 Kd6
84. Nf1 Rg2 85. Kd2 Kc5 86. Ke2 Kb5 87. Ne3 Rg1 88. Rxf2 {Weighted Error Value:
White=0.38/Black=0.39} 1-0

[Event "25th European Club Cup Women 2021"]
[Site "Struga"]
[Date "2021.09.24"]
[Round "7.1"]
[White "Salimova, Nurgyul"]
[Black "Bivol, Alina"]
[Result "1/2-1/2"]
[WhiteElo "2362"]
[BlackElo "2385"]
[Annotator "NA"]
[PlyCount "75"]
[EventDate "2021.09.18"]
[EventType "team-tourn"]
[EventCountry "MKD"]
[SourceTitle "playchess.com"]
[Source "ChessBase"]
[SourceQuality "1"]
[TimeControl "40/5400+30:1800+30"]

1. d4 {[%emt 0:00:04]} d5 {[%emt 0:00:15]} 2. Nf3 {[%emt 0:00:16]} Nf6 {
[%emt 0:00:58]} 3. c4 {[%emt 0:00:08]} e6 {[%emt 0:00:47]} 4. g3 {[%emt 0:00:
17]} dxc4 {[%emt 0:01:17]} 5. Bg2 {[%emt 0:00:06]} c5 {[%emt 0:00:44]} 6. O-O {
[%emt 0:00:15]} Nc6 {[%emt 0:00:37]} 7. dxc5 {[%emt 0:00:07]} Qxd1 {[%emt 0:00:
23]} 8. Rxd1 {[%emt 0:00:06]} Bxc5 {[%emt 0:00:04]} 9. Nbd2 {[%emt 0:00:07]} c3
{[%emt 0:01:11]} 10. bxc3 {[%emt 0:00:08]} O-O {[%emt 0:00:22]} 11. Nb3 {
[%emt 0:00:05]} Be7 {[%emt 0:00:22]} 12. Nfd4 {[%emt 0:00:08]} Nxd4 {[%emt 0:
00:13]} 13. cxd4 {[%emt 0:00:36]} Nd5 {[%emt 0:00:32]} 14. Bd2 {[%emt 0:00:12]}
f5 {[%emt 0:00:07]} 15. Bxd5 {[%emt 0:05:41]} exd5 {[%emt 0:00:07]} 16. Na5 {
[%emt 0:17:42]} Re8 {[%emt 0:04:08]} 17. e3 {[%emt 0:07:08]} Bd6 {[%emt 0:07:
30]} 18. Rac1 {[%emt 0:07:25]} b6 {[%emt 0:04:23]} 19. Nc6 {[%emt 0:00:26]} Bb7
{[%emt 0:01:07]} 20. Bb4 {[%emt 0:04:13]} Bxc6 {[%emt 0:00:34]} 21. Bxd6 {
[%emt 0:00:10]} Rec8 {[%emt 0:01:12]} 22. f3 {[%emt 0:18:29]} Bb5 {[%emt 0:01:
25]} 23. Kf2 {[%emt 0:00:48]} Kf7 {[%emt 0:00:35]} 24. h4 {[%emt 0:06:20]} h5 {
[%emt 0:02:06]} 25. Be5 {[%emt 0:05:16]} Rc4 {[%emt 0:02:48]} 26. Rxc4 {
[%emt 0:01:12]} Bxc4 {[%emt 0:00:12]} 27. Rd2 {[%emt 0:01:12]} Rc8 {[%emt 0:01:
59]} 28. Rc2 {[%emt 0:01:16]} Ba6 {[%emt 0:00:31]} 29. Rxc8 {[%emt 0:00:32]}
Bxc8 {[%emt 0:00:01]} 30. Bb8 {[%emt 0:00:08]} a6 {[%emt 0:00:09]} 31. Bc7 {
[%emt 0:00:06]} b5 {[%emt 0:00:04]} 32. Ba5 {[%emt 0:00:52]} Ke7 {[%emt 0:01:
05]} 33. Ke2 {[%emt 0:00:39]} g6 {[%emt 0:00:38]} 34. Kd2 {[%emt 0:00:12]} Kd7
{[%emt 0:00:49]} 35. Kc3 {[%emt 0:00:08]} Bb7 {[%emt 0:01:00]} 36. Kb4 {
[%emt 0:00:07]} Kc6 {[%emt 0:00:25]} 37. Bd8 {[%emt 0:00:07]} Bc8 {[%emt 0:00:
51]} 38. Kc3 {[%emt 0:00:21]} 1/2-1/2

[Event "25th European Club Cup Women 2021"]
[Site "Struga"]
[Date "2021.09.24"]
[Round "7.2"]
[White "Heinemann, Josefine"]
[Black "Mehmed, Elif"]
[Result "1-0"]
[WhiteElo "2292"]
[BlackElo "2260"]
[Annotator "NA"]
[PlyCount "107"]
[EventDate "2021.09.18"]
[EventType "team-tourn"]
[EventCountry "MKD"]
[SourceTitle "playchess.com"]
[Source "ChessBase"]
[SourceQuality "1"]
[TimeControl "40/5400+30:1800+30"]

1. e4 c5 2. Nf3 d6 3. d4 cxd4 4. Nxd4 Nf6 5. Nc3 a6 6. f3 e6 7. Be3 b5 8. Qd2
Nbd7 9. O-O-O Nb6 10. a3 Bb7 11. g4 Nfd7 12. Qf2 Rc8 13. Na2 Be7 14. h4 Nc4 15.
Bxc4 Rxc4 16. g5 O-O 17. Rhg1 Qa5 18. h5 Rfc8 19. Kb1 Bf8 20. g6 e5 21. gxf7+
Kxf7 22. Nf5 Rxc2 23. Qh4 Nf6 24. h6 {[%emt 1:21:43]} Qa4 {[%emt 1:30:31]} 25.
Bc1 {[%emt 0:00:30]} g5 {[%emt 0:00:30]} 26. Qxg5 {[%emt 0:00:30]} d5 {[%emt 0:
00:30]} 27. Ne3 {[%emt 0:00:30]} Re2 {[%emt 0:00:30]} 28. exd5 {[%emt 0:00:30]}
Qb3 {[%emt 0:00:30]} 29. Qxe5 {[%emt 0:00:30]} Re8 {[%emt 0:00:30]} 30. Qc7+ {
[%emt 0:00:30]} Re7 {[%emt 0:00:30]} 31. Qb6 {[%emt 0:00:30]} Nxd5 {[%emt 0:00:
30]} 32. Nxd5 {[%emt 0:00:30]} Bxd5 {[%emt 0:00:30]} 33. Nc3 {[%emt 0:00:30]}
Bc4 {[%emt 0:00:30]} 34. Rd4 {[%emt 0:00:30]} Qc2+ {[%emt 0:00:30]} 35. Ka1 {
[%emt 0:00:30]} Bd3 {[%emt 0:00:30]} 36. Rf4+ {[%emt 0:00:30]} Bf5 {[%emt 0:00:
30]} 37. Rxf5+ {[%emt 0:00:30]} Qxf5 {[%emt 0:00:30]} 38. Nxe2 {[%emt 0:00:30]}
Rxe2 {[%emt 0:00:30]} 39. Qxa6 {[%emt 0:00:30]} Qc5 {[%emt 0:00:30]} 40. Rd1 {
[%emt 0:00:30]} Re7 {[%emt 0:00:30]} 41. Qa5 {[%emt 0:30:30]} Qc2 {[%emt 0:30:
30]} 42. Qd8 {[%emt 0:00:30]} Qb3 {[%emt 0:00:30]} 43. Qd4 {[%emt 0:00:30]} Re6
{[%emt 0:00:30]} 44. Qf4+ {[%emt 0:00:30]} Ke8 {[%emt 0:00:30]} 45. Qb8+ {
[%emt 0:00:30]} Kf7 {[%emt 0:00:30]} 46. Qc7+ {[%emt 0:00:30]} Be7 {[%emt 0:00:
30]} 47. Rg1 {[%emt 0:00:30]} Qd5 {[%emt 0:00:30]} 48. Rg7+ {[%emt 0:00:30]}
Ke8 {[%emt 0:00:30]} 49. Qc8+ {[%emt 0:00:30]} Bd8 {[%emt 0:00:30]} 50. Rg8+ {
[%emt 0:00:30]} Ke7 {[%emt 0:00:30]} 51. Bg5+ {[%emt 0:00:30]} Kf7 {[%emt 0:00:
30]} 52. Rg7+ {[%emt 0:00:30]} Ke8 {[%emt 0:00:30]} 53. Qxd8+ {[%emt 0:00:30]}
Qxd8 {[%emt 0:00:30]} 54. Rg8+ {[%emt 0:00:30]} 1-0

[Event "25th European Club Cup Women 2021"]
[Site "Struga"]
[Date "2021.09.24"]
[Round "7.3"]
[White "Krasteva, Beloslava"]
[Black "Dordzhieva, Dinara"]
[Result "1/2-1/2"]
[WhiteElo "2217"]
[BlackElo "2303"]
[Annotator "NA"]
[PlyCount "82"]
[EventDate "2021.09.18"]
[EventType "team-tourn"]
[EventCountry "MKD"]
[SourceTitle "playchess.com"]
[Source "ChessBase"]
[SourceQuality "1"]
[TimeControl "40/5400+30:1800+30"]

1. c4 {[%emt 0:00:39]} Nf6 {[%emt 0:00:14]} 2. Nc3 {[%emt 0:00:19]} c5 {
[%emt 0:03:42]} 3. g3 {[%emt 0:02:15]} Nc6 {[%emt 0:03:30]} 4. Bg2 {[%emt 0:00:
10]} g6 {[%emt 0:00:21]} 5. d3 {[%emt 0:02:21]} Bg7 {[%emt 0:00:10]} 6. e3 {
[%emt 0:00:56]} O-O {[%emt 0:03:49]} 7. Nge2 {[%emt 0:00:07]} d6 {[%emt 0:05:
22]} 8. O-O {[%emt 0:00:13]} Bd7 {[%emt 0:05:24]} 9. b3 {[%emt 0:02:12]} a6 {
[%emt 0:03:18]} 10. Bb2 {[%emt 0:01:22]} Rb8 {[%emt 0:00:18]} 11. Qd2 {[%emt 0:
02:14]} b5 {[%emt 0:00:55]} 12. Nd5 {[%emt 0:02:04]} Nxd5 {[%emt 0:11:24]} 13.
cxd5 {[%emt 0:01:49]} Bxb2 {[%emt 0:04:26]} 14. Qxb2 {[%emt 0:00:55]} Nb4 {
[%emt 0:04:04]} 15. d4 {[%emt 0:04:56]} a5 {[%emt 0:12:33]} 16. dxc5 {[%emt 0:
05:26]} Nd3 {[%emt 0:01:47]} 17. Qd2 {[%emt 0:02:02]} Nxc5 {[%emt 0:00:03]} 18.
b4 {[%emt 0:02:54]} axb4 {[%emt 0:02:47]} 19. Qxb4 {[%emt 0:00:28]} Ra8 {
[%emt 0:04:22]} 20. Nd4 {[%emt 0:06:50]} Ra4 {[%emt 0:00:16]} 21. Qd2 {[%emt 0:
03:58]} Qa8 {[%emt 0:02:50]} 22. Rfb1 {[%emt 0:02:28]} Ra3 {[%emt 0:03:23]} 23.
Qe2 {[%emt 0:06:51]} Na4 {[%emt 0:12:31]} 24. Rb3 {[%emt 0:03:46]} Nc5 {
[%emt 0:00:51]} 25. Rbb1 {[%emt 0:14:20]} Re8 {[%emt 0:02:37]} 26. Nxb5 {
[%emt 0:07:18]} Bxb5 {[%emt 0:00:03]} 27. Qxb5 {[%emt 0:00:14]} Qa4 {[%emt 0:
04:05]} 28. Bf1 {[%emt 0:02:35]} Ra8 {[%emt 0:00:19]} 29. Qxa4 {[%emt 0:00:48]}
R3xa4 {[%emt 0:01:37]} 30. Rb2 {[%emt 0:00:13]} Kg7 {[%emt 0:03:15]} 31. Rc2 {
[%emt 0:02:44]} Rb4 {[%emt 0:03:36]} 32. Bc4 {[%emt 0:02:00]} Nd7 {[%emt 0:00:
54]} 33. Rd1 {[%emt 0:05:33]} g5 {[%emt 0:01:02]} 34. Kg2 {[%emt 0:02:11]} Rc8
{[%emt 0:00:39]} 35. Rdc1 {[%emt 0:01:25]} Nc5 {[%emt 0:00:41]} 36. h3 {
[%emt 0:02:06]} h6 {[%emt 0:00:08]} 37. f4 {[%emt 0:02:48]} Ra8 {[%emt 0:00:42]
} 38. Kf3 {[%emt 0:00:47]} Ra3 {[%emt 0:00:38]} 39. Rc3 {[%emt 0:03:27]} Ra5 {
[%emt 0:00:38]} 40. e4 {[%emt 0:00:00]} Rb2 {[%emt 0:00:00]} 41. Re3 {[%emt 0:
14:17]} Rh2 {[%emt 0:04:42]} 1/2-1/2